000 00974nam a2200277 a 4500
001 69669
003 BD-RjUL
005 20211209081919.0
008 1 s1993 nyua b 101 0 eng
020 _a0824788028 (acidfree)
035 _a(BD-RjUL)69881
040 _aDLC
_cDLC
_dDLC
_beng
041 _aeng
082 0 0 _223
_a512.42
_bMET 1993
245 1 0 _aMethods in module theory /
_cedited by Gene Abrams, Jeremy Haefner, K.M. Rangaswamy.
260 _aNew York, N.Y. :
_bMarcel Dekker,
_cc1993.
300 _axiv, 325 p. :
_bill. ;
_c26 cm.
504 _aIncludes bibliographical references.
650 0 _aModules (Algebra)
_xCongresses.
_9206360
700 1 _aAbrams, Gene,
_d1955-
_9206361
700 1 _aHaefner, Jeremy,
_d1957-
_9206362
700 1 _aRangaswamy, K. M.,
_d1938-
_9206363
830 _aLecture notes in pure and applied mathematics ;
_vv. 140
_9206364
942 _2ddc
_cBK
999 _c69669
_d69669